| 000 | 02005nam a2200433 i 4500 | ||
|---|---|---|---|
| 001 | ebr10950066 | ||
| 003 | CaPaEBR | ||
| 006 | m o d | ||
| 007 | cr cn||||||||| | ||
| 008 | 141015t20112011ilu ob 001 0 eng d | ||
| 020 | _z9780875804354 | ||
| 020 | _a9781609090166 (e-book) | ||
| 040 |
_aCaPaEBR _beng _erda _epn _cCaPaEBR |
||
| 035 | _a(OCoLC)893673741 | ||
| 043 | _an-us--- | ||
| 050 | 1 | 4 |
_aE176 _b.J585 2011eb |
| 082 | 0 | 4 |
_a352.23/90973 _222 |
| 100 | 1 |
_aJividen, Jason R., _eauthor. |
|
| 245 | 1 | 0 |
_aClaiming Lincoln : _bprogressivism, equality, and the battle for Lincoln's legacy in Presidential rhetoric / _cJason R. Jividen ; Shaun Allshouse, design. |
| 264 | 1 |
_aDeKalb, Illinois : _bNorthern Illinois University Press, _c2011. |
|
| 264 | 4 | _c�2011 | |
| 300 | _a1 online resource (243 pages) | ||
| 336 |
_atext _2rdacontent |
||
| 337 |
_acomputer _2rdamedia |
||
| 338 |
_aonline resource _2rdacarrier |
||
| 504 | _aIncludes bibliographical references and index. | ||
| 588 | _aDescription based on print version record. | ||
| 590 | _aElectronic reproduction. Palo Alto, Calif. : ebrary, 2014. Available via World Wide Web. Access may be limited to ebrary affiliated libraries. | ||
| 600 | 1 | 0 |
_aLincoln, Abraham, _d1809-1865 _xInfluence. |
| 650 | 0 |
_aPresidents _zUnited States _xHistory. |
|
| 650 | 0 |
_aPresidents _zUnited States _xLanguage _xHistory. |
|
| 650 | 0 |
_aRhetoric _xPolitical aspects _zUnited States _xHistory. |
|
| 650 | 0 |
_aPolitical oratory _zUnited States _xHistory. |
|
| 655 | 0 | _aElectronic books. | |
| 700 | 1 |
_aAllshouse, Shaun , _edesigner. |
|
| 776 | 0 | 8 |
_iPrint version: _aJividen, Jason R. _tClaiming Lincoln : progressivism, equality, and the battle for Lincoln's legacy in Presidential rhetoric. _dDeKalb, Illinois : Northern Illinois University Press, c2011 _h233 pages _z9780875804354 _w2010037739 |
| 797 | 2 | _aebrary. | |
| 856 | 4 | 0 |
_uhttp://site.ebrary.com/lib/rucke/Doc?id=10950066 _zAn electronic book accessible through the World Wide Web; click to view |
| 999 |
_c4128 _d4128 |
||